人口1万人以上の市区町村(1920年)(北海道~愛知県) - Statistics

General Stats
  • This quiz has been taken 42 times
  • The average score is 118 of 285
Answer Stats
人口 Answer % Correct
- 102,580 札幌区
97%
- 61,309 旭川区
91%
- 39,392 釧路区
91%
- 144,749 函館区
88%
夕張郡 51,064 夕張町
85%
- 103,113 小樽区
82%
- 48,941 青森市
82%
三戸郡 18,255 八戸町
82%
河西郡 16,081 帯広町
79%
- 32,767 弘前市
79%
- 42,403 盛岡市
79%
- 2,173,201 東京市
79%
- 56,082 室蘭区
76%
宗谷郡 12,082 稚内町
76%
- 118,984 仙台市
76%
- 63,771 宇都宮市
76%
- 38,955 八王子市
76%
愛知郡 18,945 中村
76%
- 36,281 秋田市
74%
- 48,399 山形市
74%
石城郡 20,175 平町
74%
- 39,363 水戸市
74%
- 62,325 前橋市
74%
- 36,792 高崎市
74%
北足立郡 11,694 浦和町
74%
北足立郡 19,057 大宮町
74%
千葉郡 33,179 千葉町
74%
- 422,938 横浜市
74%
橘樹郡 21,391 川崎町
74%
富士郡 17,713 大宮町
74%
榛原郡 10,712 川崎町
74%
空知郡 23,326 岩見沢町
71%
空知郡 24,745 歌志内村
71%
- 35,762 福島市
71%
- 37,549 若松市
71%
- 89,879 横須賀市
71%
空知郡 10,188 滝川町
68%
勇払郡 17,565 苫小牧町
68%
留萌郡 14,357 留萌町
68%
牡鹿郡 22,067 石巻町
68%
- 43,007 米沢市
68%
西田川郡 28,220 鶴岡町
68%
飽海郡 22,174 酒田町
68%
安積郡 26,218 郡山町
68%
下都賀郡 24,570 栃木町
68%
足利郡 33,637 足利町
68%
佐波郡 14,295 伊勢崎町
68%
山田郡 37,674 桐生町
68%
北豊島郡 26,786 高田町
68%
高座郡 17,422 藤沢町
68%
- 92,130 新潟市
68%
- 41,627 長岡市
68%
- 28,388 高田市
68%
- 61,812 富山市
68%
上川郡 13,103 士別町
65%
上川郡 15,712 名寄町
65%
根室郡 15,098 根室町
65%
網走郡 27,899 網走町
65%
北秋田郡 12,340 大館町
65%
平鹿郡 14,299 横手町
65%
下都賀郡 10,769 小山町
65%
秩父郡 12,088 秩父町
65%
大里郡 22,282 熊谷町
65%
鎌倉郡 18,252 鎌倉町
65%
- 37,308 長野市
65%
- 62,713 岐阜市
65%
- 74,093 静岡市
65%
駿東郡 17,563 小山町
65%
西白河郡 18,655 白河町
62%
新治郡 12,547 土浦町
62%
入間郡 24,675 川越町
62%
児玉郡 13,807 本庄町
62%
荏原郡 19,501 大森町
62%
足柄下郡 23,014 小田原町
62%
南蒲原郡 20,424 三条町
62%
- 36,648 高岡市
62%
- 129,265 金沢市
62%
- 56,639 福井市
62%
大野郡 10,824 大野町
62%
- 49,999 松本市
62%
- 26,271 上田市
62%
下伊那郡 17,013 飯田町
62%
- 64,749 浜松市
62%
田方郡 15,686 三島町
62%
- 429,997 名古屋市
62%
増毛郡 10,885 増毛町
59%
由利郡 10,482 本荘町
59%
上都賀郡 17,278 日光町
59%
北甘楽郡 11,074 富岡町
59%
荏原郡 41,059 品川町
59%
中郡 12,960 平塚町
59%
敦賀郡 20,189 敦賀町
59%
- 28,334 大垣市
59%
駿東郡 20,993 沼津町
59%
- 65,163 豊橋市
59%
札幌郡 17,343 江別町
56%
空知郡 17,119 砂川村
56%
雨竜郡 13,317 深川町
56%
有珠郡 12,715 伊達村
56%
斜里郡 14,353 斜里村
56%
最上郡 16,555 新庄町
56%
安蘇郡 14,206 佐野町
56%
北足立郡 14,351 川口町
56%
東葛飾郡 16,677 船橋町
56%
豊多摩郡 80,799 渋谷町
56%
南葛飾郡 12,184 砂村
56%
能美郡 14,784 小松町
56%
大野郡 16,344 高山町
56%
安倍郡 10,141 清水町
56%
- 38,257 岡崎市
56%
中島郡 27,263 一宮町
56%
空知郡 10,805 富良野町
53%
余市郡 16,809 余市町
53%
岩内郡 11,630 岩内町
53%
刈田郡 10,271 白石町
53%
多賀郡 25,263 日立村
53%
結城郡 12,840 結城町
53%
大里郡 12,259 深谷町
53%
高座郡 18,259 茅ヶ崎町
53%
北蒲原郡 17,813 新発田町
53%
上伊那郡 14,018 伊那町
53%
恵那郡 14,204 中津町
53%
紋別郡 17,492 遠軽村
50%
上閉伊郡 20,663 釜石町
50%
上都賀郡 18,097 鹿沼町
50%
上都賀郡 10,386 今市町
50%
中頸城郡 11,871 直江津町
50%
氷見郡 13,088 氷見町
50%
鹿島郡 12,042 七尾町
50%
鳳至郡 12,397 輪島町
50%
南条郡 18,068 武生町
50%
- 56,207 甲府市
50%
渥美郡 12,467 田原町
50%
空知郡 15,013 芦別村
47%
虻田郡 15,822 倶知安町
47%
上磯郡 10,676 上磯町
47%
宮城郡 13,139 塩釜町
47%
志田郡 10,580 古川町
47%
邑楽郡 14,635 館林町
47%
荏原郡 34,837 大崎町
47%
荏原郡 18,094 目黒村
47%
豊多摩郡 21,875 中野町
47%
志太郡 18,531 島田町
47%
樺戸郡 15,305 新十津川村
44%
山越郡 14,413 八雲町
44%
香取郡 15,299 佐原町
44%
北豊島郡 16,661 板橋町
44%
南蒲原郡 17,253 加茂町
44%
下新川郡 12,082 魚津町
44%
北佐久郡 11,095 小諸町
44%
志太郡 14,296 焼津町
44%
石狩郡 13,191 当別村
41%
茅部郡 11,024 森村
41%
上北郡 10,240 野辺地町
41%
新治郡 14,502 石岡町
41%
猿島郡 14,997 古河町
41%
橘樹郡 16,949 町田村
41%
射水郡 19,283 新湊町
41%
諏訪郡 17,058 上諏訪町
41%
諏訪郡 15,608 下諏訪町
41%
中川郡 10,991 美深村
38%
厚岸郡 10,580 厚岸町
38%
那須郡 11,591 那須村
38%
荏原郡 36,659 大井町
38%
南足立郡 31,047 千住町
38%
丹羽郡 11,023 犬山町
38%
西加茂郡 11,924 挙母町
38%
岩瀬郡 14,450 須賀川町
35%
中郡 10,151 秦野町
35%
中蒲原郡 14,404 新津町
35%
東春日井郡 11,864 小牧町
35%
碧海郡 18,520 安城町
35%
宝飯郡 11,715 蒲郡町
35%
中川郡 11,249 幕別村
32%
河東郡 18,631 音更村
32%
東春日井郡 22,185 瀬戸町
32%
知多郡 17,805 半田町
32%
幡豆郡 15,150 西尾町
32%
札幌郡 12,770 豊平町
29%
河西郡 15,720 芽室村
29%
常呂郡 30,152 野付牛町
29%
枝幸郡 16,650 頓別村
29%
上都賀郡 32,804 足尾町
29%
東葛飾郡 12,083 野田町
29%
豊多摩郡 18,387 戸塚町
29%
三浦郡 10,620 三崎町
29%
中蒲原郡 12,020 五泉町
29%
田方郡 12,183 伊東町
29%
夕張郡 11,554 長沼村
26%
上川郡 13,580 美瑛村
26%
空知郡 10,697 上富良野村
26%
網走郡 10,713 美幌村
26%
三戸郡 11,108 湊村
26%
鹿角郡 14,681 小坂町
26%
石城郡 11,979 湯本村
26%
那珂郡 11,753 湊町
26%
北豊島郡 28,035 巣鴨町
26%
小県郡 12,196 丸子町
26%
中島郡 11,706 稲沢町
26%
碧海郡 10,831 高浜町
26%
荏原郡 14,546 羽田町
24%
豊多摩郡 27,949 大久保町
24%
足柄下郡 11,945 足柄村
24%
諏訪郡 44,278 平野村
24%
海部郡 13,727 津島町
24%
上川郡 20,141 鷹栖村
21%
山本郡 17,826 能代港町
21%
石城郡 20,174 内郷村
21%
北埼玉郡 11,919 忍町
21%
北豊島郡 38,368 王子町
21%
南葛飾郡 38,548 亀戸町
21%
三浦郡 20,372 浦賀町
21%
上高井郡 15,009 須坂町
21%
愛知郡 21,340 千種町
21%
夕張郡 13,943 角田村
18%
空知郡 20,154 栗沢村
18%
上川郡 10,462 剣淵村
18%
北豊島郡 50,713 南千住町
18%
北豊島郡 40,689 滝野川町
18%
北豊島郡 41,551 日暮里町
18%
橘樹郡 21,431 保土ヶ谷町
18%
三浦郡 20,180 田浦町
18%
愛知郡 10,874 八幡村
18%
南秋田郡 15,020 土崎港町
15%
勢多郡 10,855 富士見村
15%
豊多摩郡 20,453 淀橋町
15%
上伊那郡 12,346 赤穂村
15%
虻田郡 11,776 真狩村
12%
中川郡 15,193 本別村
12%
海上郡 16,917 本銚子町
12%
豊多摩郡 20,034 代々幡町
12%
北豊島郡 15,672 岩淵町
12%
北豊島郡 51,478 西巣鴨町
12%
南葛飾郡 22,333 大島町
12%
榛原郡 11,532 吉田村
12%
上川郡 10,138 多寄村
9%
下北郡 10,236 川内町
9%
安蘇郡 12,595 田沼町
9%
南蒲原郡 11,349 中之島村
9%
三島郡 11,831 寺泊町
9%
愛知郡 30,810 愛知町
9%
幡豆郡 14,994 一色村
9%
空知郡 32,321 沼貝村
6%
空知郡 20,914 三笠山村
6%
上川郡 15,263 東旭川村
6%
磯谷郡 10,740 南尻別村
6%
河西郡 11,362 大正村
6%
印旛郡 11,663 八街町
6%
橘樹郡 12,561 田島村
6%
諏訪郡 12,548 川岸村
6%
稲葉郡 10,082 加納町
6%
安倍郡 10,674 大里村
6%
渥美郡 10,830 二川町
6%
渥美郡 18,552 高師村
6%
東茨城郡 10,534 磯浜町
3%
荏原郡 13,054 世田ヶ谷村
3%
豊多摩郡 36,374 千駄ヶ谷町
3%
北豊島郡 21,623 三河島町
3%
南葛飾郡 14,607 隅田村
3%
中頸城郡 10,172 板倉村
3%
吉城郡 10,382 船津町
3%
榛原郡 10,614 相良町
3%
愛知郡 14,892 御器所村
3%
丹羽郡 13,326 古知野町
3%
中島郡 10,766 起町
3%
知多郡 14,479 亀崎町
3%
知多郡 10,658 成岩町
3%
碧海郡 10,951 明治村
3%
渥美郡 11,108 福江町
3%
中川郡 14,409 川合村
0%
常呂郡 11,851 武華村
0%
西村山郡 11,000 谷地町
0%
石城郡 11,024 磐崎村
0%
石城郡 18,624 好間村
0%
多賀郡 10,265 北中郷村
0%
足利郡 10,302 北郷村
0%
荏原郡 19,088 入新井町
0%
南葛飾郡 30,660 吾嬬町
0%
南葛飾郡 19,159 寺島村
0%
橘樹郡 15,225 生見尾村
0%
上伊那郡 10,479 伊那富村
0%
安倍郡 12,439 長田村
0%
愛知郡 21,881 呼続町
0%
中島郡 12,019 祖父江町
0%
碧海郡 11,055 矢作町
0%
No matching quizzes found
Score Distribution
Percent of People with Each Score
Percentile by Number Answered
Your Score History
You have not taken this quiz